LIBRARY & INFORMATION CENTRE, KCAET, TAVANUR

ONLINE PUBLIC ACCESS CATALOGUE (OPAC)

Suvarna Kairali / (Record no. 11692)

MARC details
000 -LEADER
fixed length control field 00441cam a2200181ua 4500
041 ## - LANGUAGE CODE
Language code of text/sound track or separate title mal
082 ## - DEWEY DECIMAL CLASSIFICATION NUMBER
Classification number 894.812O9
Item number CHU/SU
100 ## - MAIN ENTRY--AUTHOR NAME
Personal name Chummar, T.M .
245 00 - TITLE STATEMENT
Title Suvarna Kairali /
250 ## - EDITION STATEMENT
Edition statement 1 /
260 ## - PUBLICATION, DISTRIBUTION, ETC. (IMPRINT)
Place of publication :
Name of publisher Sahitya Pravarthaka Co-operative Society ,
Year of publication 1971.
300 ## - PHYSICAL DESCRIPTION
Number of Pages 179 ; .
942 ## - ADDED ENTRY ELEMENTS (KOHA)
Koha item type Books
Holdings
Withdrawn status Lost status Damaged status Home library Current library Date acquired Full call number Accession Number Koha item type
      KAUAET KAUAET 07/04/2012 894.812O9 13244 Books
Withdrawn     KAUAET KAUAET 16/11/2023 894.812O9 CHU/SU 12937 Books
free website counter